000 00479nam a2200181Ia 4500
003 LK-CoDNM
008 010623t1980 xxu||||| |||| 00| 1 sin d
040 _aLK-CoDNM
_dLK-CoDNM
_eLK-CoDNM
041 _asin
080 _a389.151
_bPRA
100 _aPranandu, Edi
_eed.
245 _aක්‍යුබික් මැනීම
246 _aCubic measure
260 _bD.P.Dodangoda saha samagama
_aMoratuwa
_c1980
300 _b69, 18.5 cm
650 _aTrade
942 _cBK
999 _c111299
_d111299